| 000 | 00917nam a2200229 a 4500 | ||
|---|---|---|---|
| 001 | 64880 | ||
| 003 | BD-RjUL | ||
| 005 | 20211209081350.0 | ||
| 008 | 170223s1969 ii ||||| |||| 00| 0 eng d | ||
| 035 | _a(BD-RjUL)65010 | ||
| 040 |
_aBD-RjUL _bben _cBD-RjUL _dBD-RjUL |
||
| 041 | _aben | ||
| 082 |
_223 _a954.92309 _bSIS 1969 |
||
| 100 | 1 |
_a সিংহ, অনন্ত _9170404 |
|
| 245 |
_aমহানায়ক সূর্যসেন ও চট্টগ্রাম বিপ্লব / _bঅনন্ত সিংহ |
||
| 260 |
_aকলকাতা : _bশ্যামচরণ দে, _c১৯৬৯. |
||
| 300 |
_aখন্ড. ; _c২২ সেমি. |
||
| 505 | _aখন্ড. ১ -- | ||
| 651 |
_aবাংলাদেশ (চট্টগ্রাম) _vইতিহাস ও সমালোচনা _9192326 |
||
| 651 |
_aBangladesh (Chittagong) _vHistory and Criticism _9192327 |
||
| 942 |
_2ddc _cBK |
||
| 999 |
_c64880 _d64880 |
||